| 000 -ლიდერი |
| ფიქსირებული სიგრძის საკონტროლო ველი |
00908nam a2200217Ia 4500 |
| 001 - საკონტროლო ნომერი |
| საკონტროლო ველი |
6532 |
| 003 - საკონტროლო ნომრის იდენტიფიკატორი |
| საკონტროლო ველი |
GE_BSU |
| 005 - ბოლო ოპერაციის თარიღი და დრო |
| საკონტროლო ველი |
20191021111908.0 |
| 008 - ფიქსირებული სიგრძის მონაცემთა ელემენტები - ზოგადი ინფორმაცია |
| ფიქსირებული სიგრძის საკონტროლო ველი |
181216s1954||||ge |||||||||||||| ||geo|| |
| 040 ## - კატალოგიზაციის წყარო |
| Transcribing agency |
GE_BSU |
| 041 ## - ენის კოდი |
| Language code of text/sound track or separate title |
geo |
| 080 ## - უნივერსალური ათობითი კლასიფიკაციის ინდექსი |
| Universal Decimal Classification number |
821.353.1 ბ-78 |
| 100 ## - მთავარი ჩანაწერი - პიროვნების სახელი |
| Personal name |
ბობოხიძე, კალე |
| 9 (RLIN) |
4852 |
| 245 ## - ცნობა სათაურის შესახებ |
| Title |
სიყვარულის სიმღერები / |
| Statement of responsibility, etc |
კალე ბობოხიძე ; რედ. რ. ორჯონიკიძე ; მხატვ. ი. რაზმაძე. |
| 264 ## - წარმოების, გამოცემის, დისტრიბუციის და სხვა ცნობები |
| გამოცემის, წარმოების, დისტრიბუციის... ადგილი |
თბილისი : |
| გამოცემის, წარმოების, დისტრიბუციის... სახელწოდება |
სახელგამი ; |
| გამოცემის, წარმოების, დისტრიბუციის... თარიღი |
1954. |
| 300 ## - ფიზიკური აღწერა |
| Extent |
232 გვ. ; |
| Dimensions |
15 სმ. |
| 653 ## - INDEX TERM--UNCONTROLLED |
| Uncontrolled term |
სიყვარულის სიმღერები |
| 700 ## - ADDED ENTRY--PERSONAL NAME |
| Personal name |
ორჯონიკიძე, რ. |
| Relator term |
რედაქტორი |
| 9 (RLIN) |
4871 |
| 700 ## - ADDED ENTRY--PERSONAL NAME |
| Personal name |
რაზმაძე, ი. |
| Relator term |
მხატვარი |
| 9 (RLIN) |
4872 |
| 942 ## - ADDED ENTRY ELEMENTS (KOHA) |
| Koha item type |
წიგნი |
| Source of classification or shelving scheme |
|